000 01299nam a22002897a 4500
003 AR-RoUNA
005 20260408062853.0
040 _aAR-RoUNA
_bspa
_dAR-RoUNA
041 _aspa
_hspa
044 _aag
100 1 _aStrembel Sourigues,Carlos A.
_927635
245 1 0 _aAnalisis sobre ciertas formas de control municipal :
_bpropuesta de control aleatorio /
_cDr.Carlos A. Strembel Sourigues
260 _aRosario (Santa Fe, Argentina) :
_bSecretaria de Obras Publicas,
_c1989
300 _a[s.p]
_c28x22 cm
520 3 _aEl autor se apoya en el pensamiento clasico de la administracion (Henry Fayol) para explicar que la administrar implica preveer, organizar dirigir y controlar. Donde el texto sostiene que el control administrativo es un instrumento fundamental para garantizar la eficiencia, el aprendizaje institucional y la correcta relacion entre el Estado municipal y la sociedad.
650 4 _aAdministracion publica
650 4 _aAdministracion municipal
650 4 _aPlanificacion administrativa
650 4 _aGetion publica
651 0 _aRosario (Santa Fe, Argentina)
_91246
653 _aControl administrativo
908 _aImp
930 _e12302
942 _2ddc
_cFOL
945 _aMIA
_d2026-03-11
980 _61
_aMaricel Allasia
_8
_gCRON CRON
999 _c12361
_d12361